[Event "CAN-ch op 49th"]
[Site "Victoria"]
[Date "2012.07.09"]
[Round "3"]
[White "Thomson, Bruce"]
[Black "Dunn, Garth"]
[Result "0-1"]
[WhiteElo "1634"]
[BlackElo "1741"]
[PlyCount "66"]
[EventDate "2012.07.08"]
[EventType "swiss"]
[EventRounds "9"]
[EventCountry "CAN"]
[SourceTitle "EXT 2022"]
[Source "ChessBase"]
[SourceDate "2021.10.06"]
[SourceVersion "1"]
[SourceVersionDate "2021.10.06"]
[SourceQuality "1"]

1. d4 Nf6 2. c4 g6 3. Nc3 Bg7 4. e4 d6 5. Nf3 0-0 6. Be2 Nbd7 7. 0-0 c5 8. d5 a6 9. a4 Re8 10. h3 Nf8 11. Bf4 e6 12. Qd2 exd5 13. exd5 Bf5 14. Bd3 Ne4 15. Nxe4 Bxe4 16. Rab1 Bxf3 17. gxf3 Qh4 18. Kh2 Be5 19. Bg3 Qf6 20. Kg2 Nd7 21. a5 h5 22. h4 Bd4 23. f4 Kg7 24. Qc2 Re7 25. b3 Rae8 26. Qd1 Kh7 27. Qxh5+ Kg7 28. Qg4 Bc3 29. h5 Rg8 30. Bh4 Qd4 31. Bxe7 Ne5 32. h6+ Kh7 33. Bxd6 Nxg4 0-1